000 00700nam a2200193Ii 4500
003 JO-AjNU
008 230605s9999||||xx |||||||||||||| ||und||
040 _aJO-AjNU
_bara
_erda
_cJO-AjNU
041 _aara
050 1 4 _aPJ6106 .A2
100 3 _aتأليف حسن، عباس,
_eauthor
_926434
245 0 0 _aالنحو الوافي ، مع ربطة بالأساليب الرفيعة والحياة اللغوية المتجددة 
264 3 1 _aالقاهرة: دار المعارف، د،ت
300 _aج4، 803ص
336 _atext
_btxt
_2rdacontent
337 _aunmediated
_bn
_2rdamedia
338 _avolume
_bnc
_2rdacarrier
650 4 _a اللغة العربية -- قواعد
_926435
999 _aA10015
_c13583
_d13583